00768cam a2200205 a 450000100100000000500170001000800410002702000150006804000230008308200180010610000340012424500610015826000900021930000210030965000300033065000320036091000340039295201210042699900150054700000488920200929151528.0910822s1990 ck l001 0 spa c a9589075177 aDO-SdBNPcTxUdDLC aC861.6bM337e1 aMarín, Jorge,d1966-91414410aEn este día tan lentamente aprendido /cJorge Marín. aMedellín :bBiblioteca Pública Piloto de Medellín, Taller de Escritores,c1990. a130 p. ;c17 cm. 4aPoesía colombiana93742 4aLiteratura colombiana91244 aCatalogación por copia / LC 001052708MOaGRbGRcCTd2009-07-27iLF1l0oC861.6 M337ep4889-10r2020-06-25w2020-06-25y2ZPréstamo interno c4695d4695